The pearson guide to Inorganic Chemistry for medical entrance examinations / (Record no. 76360)

MARC details
000 -LEADER
fixed length control field 00887nam a22002297a 4500
005 - DATE AND TIME OF LATEST TRANSACTION
control field 20130530153606.0
008 - FIXED-LENGTH DATA ELEMENTS--GENERAL INFORMATION
fixed length control field 080922t xxu||||| |||| 00| 0 eng d
010 ## - LCCN (DPL NO)
LC control number B-506554-555
020 ## - INTERNATIONAL STANDARD BOOK NUMBER
International Standard Book Number 9788131787830
Terms of availability 450.00
035 ## - SYSTEM CONTROL NUMBER
System control number B-506554-555
037 ## - SOURCE OF ACQUISITION
Source of stock number/acquisition KKP/Ven
040 ## - CATALOGING SOURCE
Original cataloging agency dpl
Language of cataloging English
082 ## - DEWEY DECIMAL CLASSIFICATION NUMBER
Classification number 546
100 ## - MAIN ENTRY--PERSONAL NAME
Personal name Singhal, Atul
245 ## - TITLE STATEMENT
Title The pearson guide to Inorganic Chemistry for medical entrance examinations /
Statement of responsibility, etc Atul Singhal
246 ## - VARYING FORM OF TITLE
Title proper/short title Inorganic Chemistry for medical entrance examinations
260 ## - PUBLICATION, DISTRIBUTION, ETC. (IMPRINT)
Place of publication, distribution, etc Noida
Name of publisher, distributor, etc Pearson
Date of publication, distribution, etc 20?
270 ## - ADDRESS
Address 7th floor, Knowledge Boulevard, A-8(A), Sector 62
City Noida
Postal code 201309
300 ## - PHYSICAL DESCRIPTION
Extent Various Pages
Dimensions 25cm(pbk)
942 ## - ADDED ENTRY ELEMENTS (KOHA)
Source of classification or shelving scheme Dewey Decimal Classification
Item type English Books
Call number suffix SIN
Classification part 546
Holdings
Withdrawn status Lost status Source of classification or shelving scheme Damaged status Not for loan Collection code Home library Current library Date acquired Source of acquisition Cost, normal purchase price Total Checkouts Full call number Barcode Date last seen Copy number Cost, replacement price Koha item type
    Dewey Decimal Classification     Non-fiction Sarojini Nagar Sarojini Nagar 30/05/2013 KKP/BL3018/19.3.13/172/19.3.13/22.3.13 450.00   546 SIN B-506554 30/05/2013 1 450.00 English Books
    Dewey Decimal Classification   Not For Loan Reference South Zone Lib (REF) South Zone Lib (REF) 30/05/2013 KKP/BL3018/19.3.13/172/19.3.13/22.3.13 450.00   546 SIN B-506555 30/05/2013 1 450.00 English Books

© Delhi Public Library
Hit Counter
free hit counter